[Event "Kiev op U16"]
[Site "Kiev"]
[Date "2021.07.20"]
[Round "6"]
[White "Biletskiy, Danylo"]
[Black "Baziuk, Vladyslav"]
[Result "1/2-1/2"]
[WhiteElo "2125"]
[BlackElo "1941"]
[PlyCount "139"]
[EventDate "2021.07.20"]
[EventType "swiss"]
[EventRounds "11"]
[EventCountry "UKR"]
[SourceTitle "EXT 2022"]
[Source "ChessBase"]
[SourceDate "2021.10.06"]
[SourceVersion "1"]
[SourceVersionDate "2021.10.06"]
[SourceQuality "1"]

1. e4 c6 2. d4 d5 3. f3 Qb6 4. Nc3 dxe4 5. fxe4 e5 6. Nf3 exd4 7. Nxd4 Bc5 8. Na4 Qa5+ 9. c3 Be7 10. b4 Qc7 11. Qf3 Nf6 12. Nf5 Bxf5 13. Qxf5 0-0 14. Be2 Nbd7 15. 0-0 Bd6 16. Bf4 Rae8 17. Bxd6 Qxd6 18. Rad1 Qe7 19. Bf3 Ne5 20. Nc5 Rd8 21. Be2 b6 22. Nb3 c5 23. bxc5 bxc5 24. Na5 Rb8 25. Rb1 Rb6 26. a4 g6 27. Qf4 Kg7 28. Rb5 Nfd7 29. Rd1 Rfb8 30. Rd5 a6 31. Rxb6 Rxb6 32. h3 Rb1+ 33. Kh2 Rb6 34. Nc4 Nxc4 35. Bxc4 Rf6 36. Qe3 Rd6 37. Qf4 Rf6 38. Qe3 Rd6 39. Qg3 Rc6 40. Qf4 Rb6 41. a5 Rc6 42. Kg1 Nf6 43. Re5 Qd6 44. Bd5 Rc7 45. Rf5 Qxf4 46. Rxf4 c4 47. Ba8 Rc5 48. e5 Rxe5 49. Rxc4 Rxa5 50. Rc7 Ra1+ 51. Kf2 a5 52. c4 a4 53. Bd5 Nxd5 54. cxd5 Rd1 55. Ra7 Rxd5 56. Rxa4 Rd3 57. Ra6 Rb3 58. Rc6 h5 59. Ra6 g5 60. Rc6 f6 61. Ra6 Kg6 62. Ra4 Rc3 63. Rb4 Ra3 64. Rc4 Rb3 65. Ra4 Rb5 66. Rc4 Kf5 67. Ra4 g4 68. hxg4+ hxg4 69. Kg3 Rb3+ 70. Kh4 1/2-1/2

[Event "Kiev Spring op"]
[Site "Kiev"]
[Date "2021.07.12"]
[Round "4"]
[White "Hrebenshchykova, Yelyzaveta"]
[Black "Biletskiy, Danylo"]
[Result "1-0"]
[WhiteElo "1924"]
[BlackElo "2125"]
[PlyCount "75"]
[EventDate "2021.07.10"]
[EventType "swiss"]
[EventRounds "9"]
[EventCountry "UKR"]
[SourceTitle "EXT 2024"]
[Source "ChessBase"]
[SourceDate "2023.10.10"]
[SourceVersion "1"]
[SourceVersionDate "2023.10.10"]
[SourceQuality "1"]

1. e4 c5 2. Nf3 Nc6 3. Nc3 g6 4. d4 cxd4 5. Nxd4 Bg7 6. Nb3 d6 7. Be2 Nf6 8. 0-0 0-0 9. Re1 a6 10. Bf1 b5 11. Bg5 h6 12. Bh4 Bb7 13. a4 b4 14. Nd5 Nd7 15. Rb1 Re8 16. Qd2 Nc5 17. Nxc5 dxc5 18. Red1 Nd4 19. Bc4 g5 20. Bg3 e6 21. Nc7 Bxe4 22. Nxe8 Qxe8 23. Bd3 Bb7 24. c3 c4 25. Bf1 bxc3 26. bxc3 Nb3 27. Qe3 Qxa4 28. Be5 Qb5 29. Bxg7 Kxg7 30. h4 gxh4 31. Rd4 Qf5 32. Rxh4 h5 33. Rd1 Bd5 34. Bxc4 Rc8 35. Bxd5 exd5 36. Rf4 Qe6 37. Qf3 Nd2 38. Rxd2 1-0

[Event "Titled Tuesday intern op 01st June"]
[Site "Chess.com INT"]
[Date "2021.06.01"]
[Round "1"]
[White "Biletskiy, Danylo"]
[Black "Kanyamarala, Trisha"]
[Result "1-0"]
[WhiteElo "2125"]
[BlackElo "2180"]
[PlyCount "79"]
[EventDate "2021.06.01"]
[EventType "swiss (blitz)"]
[EventRounds "11"]
[EventCountry "USA"]
[SourceTitle "CBM 202 Extra"]
[Source "ChessBase"]
[SourceDate "2021.07.31"]
[SourceVersion "1"]
[SourceVersionDate "2021.07.31"]
[SourceQuality "1"]

1. e4 c5 2. Nf3 d6 3. d4 cxd4 4. Nxd4 Nf6 5. Nc3 a6 6. Bg5 e6 7. f4 Nc6 8. Nxc6 bxc6 9. e5 dxe5 10. Qxd8+ Kxd8 11. fxe5 h6 12. 0-0-0+ Kc7 13. Bxf6 gxf6 14. exf6 Rg8 15. g3 Bc5 16. Bg2 a5 17. Ne4 Be3+ 18. Kb1 Ba6 19. Nd6 Raf8 20. Bf1 Rd8 21. Bxa6 Rxd6 22. Rxd6 Kxd6 23. Rd1+ Kc7 24. Rd3 Bg5 25. h4 Bxf6 26. Rf3 Be5 27. Rxf7+ Kb6 28. Bc4 Rxg3 29. a4 Rg4 30. Bxe6 Rxh4 31. Rf5 Bd6 32. Rf6 Be7 33. Rg6 Rh1+ 34. Ka2 Rh4 35. Bd5 Rxa4+ 36. Kb1 Rh4 37. Rxc6+ Kb5 38. c4+ Kb4 39. Rb6+ Ka4 40. Bc6# 1-0

[Event "Titled Tuesday intern op 01st June"]
[Site "Chess.com INT"]
[Date "2021.06.01"]
[Round "3"]
[White "Biletskiy, Danylo"]
[Black "Krzywda, Andrzej"]
[Result "0-1"]
[WhiteElo "2125"]
[BlackElo "2115"]
[PlyCount "34"]
[EventDate "2021.06.01"]
[EventType "swiss (blitz)"]
[EventRounds "11"]
[EventCountry "USA"]
[SourceTitle "CBM 202 Extra"]
[Source "ChessBase"]
[SourceDate "2021.07.31"]
[SourceVersion "1"]
[SourceVersionDate "2021.07.31"]
[SourceQuality "1"]

1. e4 c5 2. Nf3 Nc6 3. d4 cxd4 4. Nxd4 g6 5. Nc3 Bg7 6. Be3 Nf6 7. Bc4 0-0 8. Bb3 Re8 9. f3 d5 10. exd5 Nb4 11. Ndb5 a6 12. Na3 e6 13. dxe6 Bxe6 14. Kf2 Bxb3 15. axb3 Nfd5 16. Nxd5 Nxd5 17. Bd4 Qh4+ 0-1

[Event "Titled Tuesday intern op 29th Dec"]
[Site "Chess.com INT"]
[Date "2020.12.29"]
[Round "8"]
[White "Biletskiy, Danylo"]
[Black "Lizak, Peter"]
[Result "0-1"]
[WhiteElo "2125"]
[BlackElo "2433"]
[PlyCount "110"]
[EventDate "2020.12.29"]
[EventType "swiss (blitz)"]
[EventRounds "11"]
[EventCountry "USA"]
[SourceTitle "CBM 200 Extra"]
[Source "ChessBase"]
[SourceDate "2021.03.31"]
[SourceVersion "1"]
[SourceVersionDate "2021.03.31"]
[SourceQuality "1"]

1. e4 c6 2. d4 d5 3. f3 e6 4. Nc3 Nf6 5. e5 Nfd7 6. f4 c5 7. Nf3 Nc6 8. Be3 a6 9. Qd2 b5 10. dxc5 Bxc5 11. Bxc5 Nxc5 12. Qf2 Qb6 13. Bd3 b4 14. Ne2 a5 15. 0-0 Ba6 16. Bxa6 Rxa6 17. c3 Ne4 18. Qxb6 Rxb6 19. c4 dxc4 20. Rac1 c3 21. bxc3 b3 22. axb3 Rxb3 23. Nfd4 Nxd4 24. Nxd4 Rb8 25. Ra1 Ra8 26. Ra3 Nc5 27. Nb3 Nxb3 28. Rxb3 0-0 29. Ra1 Rfc8 30. Rba3 Rc5 31. g3 g5 32. Kf2 Kg7 33. Ke3 Kg6 34. Kd4 Rd5+ 35. Ke4 Rc8 36. f5+ Kg7 37. fxe6 fxe6 38. Rxa5 Rc4+ 39. Kf3 Rxc3+ 40. Kg4 Kg6 41. Rxd5 h5+ 42. Kh3 exd5 43. Ra6+ Kf5 44. Rh6 d4 45. e6 Re3 46. Kg2 d3 47. e7 Rxe7 48. Rd6 Re3 49. Kf2 Re2+ 50. Kf1 Ke4 51. h3 Rh2 52. Rg6 d2 53. Rd6 Ke3 54. Re6+ Kf3 55. Rd6 Rh1# 0-1